Normal view
MARC view
Entry Personal Name
001 - CONTROL NUMBER
- control field: 59119
003 - CONTROL NUMBER IDENTIFIER
- control field: OSt
005 - DATE AND TIME OF LATEST TRANSACTION
- control field: 20160524133432.0
008 - FIXED-LENGTH DATA ELEMENTS
- fixed length control field: 160524|| aca||aabn | a|a d
040 ## - CATALOGING SOURCE
- Original cataloging agency: OSt
- Transcribing agency: OSt
100 ## - HEADING--PERSONAL NAME
- Personal name: दास, मनोरंजन
670 ## - SOURCE DATA FOUND
- Source citation: Work cat.: (OSt)11920: दास, मनोरंजन , अरण्य फसल , 1996









